Zambia: the politics of independence 1957-1964 (Record no. 83415)

MARC details
000 -LEADER
fixed length control field 00658nam a2200145 a 4500
008 - FIXED-LENGTH DATA ELEMENTS--GENERAL INFORMATION
fixed length control field 120416s1967 ||||||||||||||||| || u
050 ## - LIBRARY OF CONGRESS CALL NUMBER
Classification number DT 8778 Mul
100 ## - MAIN ENTRY--PERSONAL NAME
Personal name Mulford, David C
245 10 - TITLE STATEMENT
Title Zambia: the politics of independence 1957-1964
Statement of responsibility, etc. By David C. Mulford
260 ## - PUBLICATION, DISTRIBUTION, ETC.
Place of publication, distribution, etc. London
Name of publisher, distributor, etc. Oxford University Press
Date of publication, distribution, etc. 1967
300 ## - PHYSICAL DESCRIPTION
Extent ix, 362p.
350 ## -
-- 0.00
995 ## -
-- MAIN LIBRARY OPEN ACCESS
-- 0.00
-- 018957
-- CBU-MAIN LIBRARY (Kitwe)
-- 1
-- 3.75
-- DT 8778 Mul
-- AVAILABLE
-- 018957
-- Main Library Open Access Collection
995 ## -
-- SPECIAL COLLECTIONS
-- 0.00
-- 715623
-- CBU-MAIN LIBRARY (Kitwe)
-- 2
-- 3.75
-- ZAM DT 8778 Mul
-- 2
-- AVAILABLE
-- 018642
-- Zambiana Collection
999 ## -
-- 83415
-- 83415
Holdings
Withdrawn status Lost status Source of classification or shelving scheme Damaged status Not for loan Permanent Location Current Location Shelving location Date acquired Total Checkouts Full call number Barcode Date last seen Date last checked out Copy number Price effective from Koha item type Total Renewals
          CBU-MAIN LIBRARY, KITWE. CBU-MAIN LIBRARY, KITWE.   10/30/2023 2 DT 8778 Mul 018957 09/02/2025 04/23/2025 1 10/30/2023 MONOGRAPH  
          CBU-MAIN LIBRARY, KITWE. CBU-MAIN LIBRARY, KITWE.   10/30/2023 2 DT 8778 Mul 018642 04/16/2024 02/06/2024 2 10/30/2023 SPECIAL COLLECTION 3